| 000 | 02270nam a2200421 a 4500 | ||
|---|---|---|---|
| 001 | ebr10512178 | ||
| 003 | CaPaEBR | ||
| 006 | m u | ||
| 007 | cr cn||||||||| | ||
| 008 | 110803s2011 gw a sb 001 0 eng d | ||
| 010 | _z 2011029779 | ||
| 020 | _z9783110268072 (acid-free paper) | ||
| 020 | _z9783110268225 (e-book) | ||
| 040 |
_aCaPaEBR _cCaPaEBR |
||
| 035 | _a(OCoLC)769190133 | ||
| 050 | 1 | 4 |
_aPN682.W35 _bW37 2011eb |
| 082 | 0 | 4 |
_a809/.933581 _223 |
| 245 | 0 | 0 |
_aWar and peace _h[electronic resource] : _bcritical issues in European societies and literature 800-1800 / _cedited by Albrecht Classen, Nadia Margolis. |
| 260 |
_aBerlin ; _aBoston : _bDe Gruyter, _cc2011. |
||
| 300 |
_aviii, 647 p. : _bill. |
||
| 490 | 1 |
_aFundamentals of medieval and early modern culture ; _v8 |
|
| 504 | _aIncludes bibliographical references and index. | ||
| 505 | 0 | _aTheoretical and historical reflections -- Literary case studies -- Criticism of war in medieval literature -- Historical voices against war and pragmatic aspects of war -- Attempts to establish peace and to reach out for toleration or tolerance -- Severe criticism of war -- Philosophical reflections upon war -- Research on war and peace in the middle ages and the early modern time -- Intellectuals' protest of and analysis of war -- Critical summaries of the contributions. | |
| 533 |
_aElectronic reproduction. _bPalo Alto, Calif. : _cebrary, _d2013. _nAvailable via World Wide Web. _nAccess may be limited to ebrary affiliated libraries. |
||
| 650 | 0 |
_aLiterature, Medieval _xHistory and criticism. |
|
| 650 | 0 |
_aLiterature, Modern _y15th and 16th centuries _xHistory and criticism. |
|
| 650 | 0 | _aWar in literature. | |
| 650 | 0 | _aWar and literature. | |
| 650 | 0 | _aCivilization, Medieval. | |
| 650 | 0 |
_aLiterature, Modern _y17th century _xHistory and criticism. |
|
| 650 | 0 |
_aLiterature, Modern _y18th century _xHistory and criticism. |
|
| 655 | 7 |
_aElectronic books. _2local |
|
| 700 | 1 | _aClassen, Albrecht. | |
| 700 | 1 |
_aMargolis, Nadia, _d1949- |
|
| 710 | 2 | _aebrary, Inc. | |
| 830 | 0 |
_aFundamentals of medieval and early modern culture ; _v8. |
|
| 856 | 4 | 0 |
_uhttp://site.ebrary.com/lib/rucke/Doc?id=10512178 _zAn electronic book accessible through the World Wide Web; click to view |
| 999 |
_c119894 _d119894 |
||